|
|
|
|
| LEADER |
00000nam0a2200000 4500 |
| 001 |
30506 |
| 005 |
20251209174836.0 |
| 010 |
|
|
|a 5941770022
|
| 035 |
|
|
|a (RuTPU)RU\TPU\book\30776
|
| 035 |
|
|
|a BOOK00030853
|
| 090 |
|
|
|a 30506
|
| 100 |
|
|
|a 20011209d2000 km y0rusy50 ca
|
| 101 |
1 |
|
|a rus
|c ger
|c fre
|
| 102 |
|
|
|a RU
|
| 105 |
|
|
|a y z 001zc
|
| 200 |
1 |
|
|a Юность державы
|
| 210 |
|
|
|a Москва
|c Фонд Сергея Дубова
|d 2000
|
| 215 |
|
|
|a 520 с.
|
| 225 |
1 |
|
|a История России и Дома Романовых в мемуарах современников. XVII-XX вв
|
| 320 |
|
|
|a Указ. имен: с. 453-511.
|
| 320 |
|
|
|a Глоссарий : с. 512-514.
|
| 464 |
|
|
|t Дневник камер-юнкера Фридриха-Вильгельма Берхгольца
|o пер. с нем.
|f Ф.-В. Берхгольц
|
| 464 |
|
|
|t Записки, служащие к пояснению некоторых событий из времени царствования Петра Великого
|o пер. с фр.
|f Г.-Ф. Бассевич
|
| 600 |
|
0 |
|a Петр Великий
|d I
|f 1672-1725
|c российский царь из династии Романовых (1682-1725)
|c первый российский император
|2 stltpush
|3 (RuTPU)RU\TPU\pers\365
|
| 602 |
|
|
|a Романовы
|f 1613-1917
|c боярский род, царская фамилия с 1613, императорская фамилия с 1721 по 1917
|9 200
|
| 606 |
|
|
|a Россия
|x История
|z 1682-1725
|9 81823
|
| 610 |
1 |
|
|a мемуары
|
| 610 |
1 |
|
|a дневники
|
| 610 |
1 |
|
|a 18 век
|
| 686 |
|
|
|a Т3(2)511
|2 rubbk
|
| 801 |
|
0 |
|a RU
|b 63413507
|c 20011209
|g PSBO
|
| 801 |
|
2 |
|a RU
|b 63413507
|c 20121226
|g PSBO
|
| 942 |
|
|
|c BK
|